Top 25 Biggest Cities In The US - Statistics

General Stats
  • This quiz has been taken 99 times
  • The average score is 21 of 25
Answer Stats
Population City % Correct
3.7M Los Angeles
99%
7.9M New York
99%
2.5M Chicago
96%
2.3M Houston
96%
1.2M Dallas
94%
1.53M Philadelphia
93%
1.6M Phoenix
93%
746K San Francisco
93%
665K Las Vegas
89%
983K Austin
88%
1.3M San Diego
87%
708K Denver
85%
757K Seattle
85%
1.50M San Antonio
83%
874K Indianapolis
82%
706K Oklahoma City
82%
629K Boston
80%
990K Jacksonville
80%
672K Washington
76%
920K Charlotte
75%
677K Nashville
75%
909K Columbus
72%
932K San Jose
71%
989K Fort Worth
70%
675K El Paso
66%
No matching quizzes found
Score Distribution
Percent of People with Each Score
Percentile by Number Answered
Your Score History
You have not taken this quiz